000 00968cam a2200229 4500
001 WB3645-27
008 000000n2000 000 0 eng u
035 _a(Sirsi) u109389
245 _aDismantling barriers to e-conveyancing
260 _c2000
490 _aLord Chancellor's Department Press Release
_v(400-00) 9 November 2000 (2)
520 _aGovernment announces new steering group to oversee the development of plans to develop e-conveyancing in England and Wales.The steering group intend to build on government progress, such as the development of the National Land Information Service (NLIS), and the introduction of online searching at HM Land Registry.
590 _aWB
650 _aECONVEYANCING
650 _aNATIONAL LAND INFORMATION SERVICE
650 _aCONVEYANCING
650 _aDEEDS
650 _aELECTRONIC CONTRACTS
650 _aELECTRONIC COMMUNICATIONS ACT 2000
690 _aPROPERTY AND LAND LAW-CONVEYANCING
942 _n0
999 _c65300
_d65300